[Event "BL2-West 1112"]
[Site "Germany"]
[Date "2012.03.18"]
[Round "8.8"]
[White "Holloway, Timo"]
[Black "De Groote, Ewoud"]
[Result "0-1"]
[WhiteElo "2130"]
[BlackElo "2297"]
[PlyCount "76"]
[EventDate "2011.10.02"]
[EventType "team-tourn"]
[EventRounds "9"]
[EventCountry "GER"]
[SourceTitle "EXT 2015"]
[Source "ChessBase"]
[SourceDate "2014.11.20"]
[SourceVersion "1"]
[SourceVersionDate "2014.11.20"]
[SourceQuality "1"]
[WhiteTeam "Goettingen Tempo"]
[BlackTeam "Bochum"]
[WhiteTeamCountry "GER"]
[BlackTeamCountry "GER"]

1. e4 e5 2. Nf3 Nc6 3. Bb5 a6 4. Ba4 Nf6 5. 0-0 Be7 6. Re1 b5 7. Bb3 d6 8. c3 0-0 9. d4 Bg4 10. d5 Na5 11. Bc2 c6 12. h3 Bc8 13. dxc6 Qc7 14. Nbd2 Qxc6 15. Nf1 h6 16. Ne3 Nc4 17. Nf5 Bxf5 18. exf5 Rad8 19. a4 Rfe8 20. g4 Bf8 21. Nh2 d5 22. Qf3 e4 23. Qg2 Bd6 24. axb5 axb5 25. h4 Bxh2+ 26. Kxh2 Nxg4+ 27. Qxg4 Ne5 28. Qg3 Nf3+ 29. Kh1 Nxe1 30. Bb3 Nd3 31. Be3 Qd6 32. Qg2 Qf6 33. Qg3 Qxf5 34. Rg1 Qf3+ 35. Qxf3 exf3 36. Bc2 Rxe3 37. fxe3 Ne5 38. Rd1 Ng4 0-1

[Event "Oberliga Nord W 1011"]
[Site "Germany"]
[Date "2010.11.14"]
[Round "3.7"]
[White "Holloway, Timo"]
[Black "List, Joachim"]
[Result "1-0"]
[WhiteElo "2128"]
[BlackElo "2222"]
[PlyCount "175"]
[EventDate "2010.10.10"]
[EventType "team-tourn"]
[EventRounds "9"]
[EventCountry "GER"]
[SourceTitle "EXT 2012"]
[Source "ChessBase"]
[SourceDate "2011.11.24"]
[SourceVersion "1"]
[SourceVersionDate "2011.11.24"]
[SourceQuality "1"]
[WhiteTeam "Goettingen Tempo"]
[BlackTeam "Uelzen Post"]
[WhiteTeamCountry "GER"]
[BlackTeamCountry "GER"]

1. e4 c5 2. Nc3 Nc6 3. f4 g6 4. Nf3 Bg7 5. Bb5 Nd4 6. Bd3 d6 7. Nxd4 cxd4 8. Ne2 e6 9. c3 dxc3 10. dxc3 Ne7 11. Be3 0-0 12. 0-0 f5 13. Qb3 fxe4 14. Bxe4 d5 15. Bd3 Nf5 16. Bxf5 Rxf5 17. Bd4 Qd6 18. Bxg7 Kxg7 19. Nd4 Rf6 20. Rae1 b6 21. Qb4 Qc5 22. Rf2 Bd7 23. g3 Qxb4 24. cxb4 Rc8 25. Rc2 Rxc2 26. Nxc2 Rf8 27. Re3 Rc8 28. Rc3 Kf6 29. Kf2 e5 30. fxe5+ Kxe5 31. Rxc8 Bxc8 32. Ke3 Bd7 33. Nd4 h6 34. Nf3+ Kd6 35. Kd4 a6 36. Ne5 Be8 37. h4 h5 38. Nd3 a5 39. bxa5 bxa5 40. Nf4 Bf7 41. b3 Kc6 42. Nd3 Kd6 43. Nc5 Kc6 44. a3 Bg8 45. Nd3 Be6 46. Ne5+ Kd6 47. Nxg6 Bg4 48. Nf4 Bf3 49. Nd3 Bd1 50. b4 axb4 51. Nxb4 Bb3 52. Nd3 Bd1 53. Nf4 Bb3 54. Nd3 Bd1 55. Nc5 Be2 56. a4 Kc6 57. Ne6 Kd6 58. Nf4 Bf3 59. a5 Kc6 60. a6 Kb6 61. Nxd5+ Kxa6 62. Nf6 Kb5 63. Ke3 Bd1 64. Kf4 Kc6 65. Kg5 Kd6 66. Nxh5 Ke7 67. Kg6 Kf8 68. Nf6 Bc2+ 69. Kg5 Kg7 70. h5 Bb1 71. Ne8+ Kf7 72. Nd6+ Kg7 73. g4 Bc2 74. Nf5+ Kh7 75. Ne3 Bd3 76. Kf6 Be2 77. Kg5 Bd3 78. Nd5 Bc2 79. Kf4 Kg7 80. g5 Bd1 81. Nf6 Bc2 82. Ng4 Bd1 83. g6 Bc2 84. Kg5 Bb1 85. Ne3 Bd3 86. Nf5+ Kh8 87. h6 Bc4 88. Nd6 1-0

[Event "BL2-Nord 0910"]
[Site "Germany"]
[Date "2010.02.07"]
[Round "6.8"]
[White "Hoeffer, David"]
[Black "Holloway, Timo"]
[Result "1-0"]
[WhiteElo "2256"]
[BlackElo "2122"]
[PlyCount "135"]
[EventDate "2009.10.18"]
[EventType "team-tourn"]
[EventRounds "9"]
[EventCountry "GER"]
[SourceTitle "EXT 2011"]
[Source "ChessBase"]
[SourceDate "2010.11.26"]
[SourceVersion "1"]
[SourceVersionDate "2010.11.26"]
[SourceQuality "1"]
[WhiteTeam "Delmenhorst"]
[BlackTeam "Goettingen"]
[WhiteTeamCountry "GER"]
[BlackTeamCountry "GER"]

1. d4 Nf6 2. Bg5 c5 3. Bxf6 exf6 4. d5 d6 5. g3 g6 6. Bg2 Bg7 7. Nf3 0-0 8. 0-0 Re8 9. Re1 f5 10. Nc3 Nd7 11. Nd2 Ne5 12. h3 a6 13. a4 Rb8 14. a5 b5 15. axb6 Nd7 16. Nc4 Nxb6 17. Na5 Qc7 18. Qd3 Nd7 19. b3 Rb4 20. e3 Ne5 21. Qd2 Bb7 22. Ra4 Rxa4 23. Nxa4 Rc8 24. Nb2 Rd8 25. Ra1 Nd7 26. Ra2 Nf6 27. Nxb7 Qxb7 28. Qd3 Ra8 29. Nc4 Qc7 30. Na5 Qb6 31. Nc6 Nd7 32. Bf1 Nf6 33. Qc4 Kf8 34. Qf4 Qc7 35. Bc4 a5 36. g4 fxg4 37. hxg4 h5 38. g5 Ng4 39. Be2 Ne5 40. Qa4 Qc8 41. f4 Ng4 42. Qe4 Qe8 43. Qxe8+ Rxe8 44. Bxg4 hxg4 45. Rxa5 Bc3 46. Ra4 Rxe3 47. Kf2 Bd2 48. b4 cxb4 49. Nxb4 Rf3+ 50. Ke2 Bxf4 51. Nd3 Re3+ 52. Kf1 Bxg5 53. Rxg4 Bf6 54. Kf2 Rh3 55. Rc4 Rh5 56. Rc8+ Kg7 57. c4 Bd4+ 58. Kg2 g5 59. c5 Bxc5 60. Nxc5 dxc5 61. d6 Rh4 62. d7 Rd4 63. d8Q Rxd8 64. Rxd8 f5 65. Rd5 Kf6 66. Rxc5 g4 67. Kg3 Kg5 68. Ra5 1-0

[Event "Niedersachsen-ch open"]
[Site "Verden"]
[Date "2010.01.06"]
[Round "7.7"]
[White "Jung, Gerald"]
[Black "Holloway, Timo"]
[Result "1/2-1/2"]
[WhiteElo "2048"]
[BlackElo "2122"]
[PlyCount "94"]
[EventDate "2010.01.03"]
[EventType "swiss"]
[EventRounds "7"]
[EventCountry "GER"]
[SourceTitle "EXT 2012"]
[Source "ChessBase"]
[SourceDate "2011.11.24"]
[SourceVersion "1"]
[SourceVersionDate "2011.11.24"]
[SourceQuality "1"]

1. e4 c5 2. Nf3 e6 3. d4 cxd4 4. Nxd4 a6 5. Bd3 Nf6 6. 0-0 Qc7 7. Qe2 d6 8. Nc3 Be7 9. a4 0-0 10. Be3 b6 11. f4 Bb7 12. f5 e5 13. Nb3 Nbd7 14. g4 d5 15. g5 Nxe4 16. Nxe4 dxe4 17. Bc4 Rac8 18. Nd2 g6 19. fxg6 hxg6 20. Rxf7 Rxf7 21. Rf1 Rcf8 22. Rxf7 Rxf7 23. Qf1 Nf6 24. gxf6 Bc5 25. Bxf7+ Kxf7 26. Qc4+ Kxf6 27. Nxe4+ Bxe4 28. Qxe4 Bxe3+ 29. Qxe3 Qxc2 30. Qxb6+ Kg5 31. Qxa6 Qxb2 32. Qb5 Qd4+ 33. Kg2 Qe4+ 34. Kg3 Qe3+ 35. Kg2 Qe4+ 36. Kg3 Qf4+ 37. Kg2 Qd2+ 38. Kg3 Qe1+ 39. Kg2 Qe4+ 40. Kg3 Qg4+ 41. Kf2 Qf4+ 42. Kg2 Kh4 43. Qd7 Qg5+ 44. Kf2 Qf4+ 45. Kg2 Qe4+ 46. Kf2 Qc2+ 47. Ke3 Qc3+ 1/2-1/2

[Event "Niedersachsen-ch open"]
[Site "Verden"]
[Date "2010.01.04"]
[Round "4.2"]
[White "Holloway, Timo"]
[Black "Niehaus, Stephan"]
[Result "0-1"]
[WhiteElo "2122"]
[BlackElo "2108"]
[PlyCount "60"]
[EventDate "2010.01.03"]
[EventType "swiss"]
[EventRounds "7"]
[EventCountry "GER"]
[SourceTitle "EXT 2012"]
[Source "ChessBase"]
[SourceDate "2011.11.24"]
[SourceVersion "1"]
[SourceVersionDate "2011.11.24"]
[SourceQuality "1"]

1. e4 c5 2. Nf3 e6 3. c3 Nf6 4. e5 Nd5 5. d4 cxd4 6. cxd4 b6 7. Bd3 Bb7 8. 0-0 Nb4 9. Be2 Be7 10. Nc3 0-0 11. a3 Nd5 12. Bd3 Nxc3 13. bxc3 d6 14. Re1 Nd7 15. Bf4 Qc7 16. Re3 g6 17. h4 Bxf3 18. Qxf3 dxe5 19. dxe5 Bxh4 20. Kh2 Qd8 21. Rd1 Qe7 22. Qg4 h5 23. Qh3 Bxf2 24. Rf3 Qh4 25. Rxf2 Qxf2 26. Be3 Qa2 27. Bb1 Qb3 28. Bxg6 Qxd1 29. Bxh5 Qd3 30. Qg4+ Kh8 0-1

[Event "Niedersachsen-ch open"]
[Site "Verden"]
[Date "2010.01.04"]
[Round "3.4"]
[White "Vogel, Christopher"]
[Black "Holloway, Timo"]
[Result "0-1"]
[WhiteElo "1994"]
[BlackElo "2122"]
[PlyCount "110"]
[EventDate "2010.01.03"]
[EventType "swiss"]
[EventRounds "7"]
[EventCountry "GER"]
[SourceTitle "EXT 2012"]
[Source "ChessBase"]
[SourceDate "2011.11.24"]
[SourceVersion "1"]
[SourceVersionDate "2011.11.24"]
[SourceQuality "1"]

1. d4 Nf6 2. c4 e6 3. Nc3 Bb4 4. Qc2 c5 5. dxc5 Na6 6. a3 Bxc3+ 7. Qxc3 Nxc5 8. Nf3 0-0 9. g3 b6 10. Bg2 Bb7 11. 0-0 Rc8 12. Bg5 Nfe4 13. Bxd8 Nxc3 14. Be7 Nxe2+ 15. Kh1 Rfe8 16. Bxc5 bxc5 17. Rfd1 Bxf3 18. Bxf3 Nd4 19. Kg2 a5 20. b4 axb4 21. axb4 Nxf3 22. Kxf3 cxb4 23. Rxd7 Rxc4 24. Raa7 Rf8 25. Rab7 g6 26. h4 Kg7 27. Rd6 e5 28. Rdd7 h6 29. Re7 Kf6 30. Red7 Ke6 31. Re7+ Kf6 32. Red7 g5 33. Rb6+ Kg7 34. hxg5 hxg5 35. Re7 g4+ 36. Ke3 Ra8 37. Rxe5 Ra3+ 38. Kd2 Rf3 39. Rg5+ Kf8 40. Rb8+ Ke7 41. Re5+ Kd6 42. Re2 Kc7 43. Rb5 Kc6 44. Rb8 Rcc3 45. Ke1 b3 46. Ree8 Kc5 47. Rec8+ Kd4 48. Rb4+ Kd3 49. Rd8+ Kc2 50. Rd2+ Kb1 51. Rxg4 b2 52. Rb4 Rc2 53. Rxc2 Kxc2 54. Ke2 Rb3 55. Rc4+ Rc3 0-1

[Event "BL2-Nord 0910"]
[Site "Germany"]
[Date "2009.11.29"]
[Round "3.6"]
[White "Borgmeyer, Max"]
[Black "Holloway, Timo"]
[Result "0-1"]
[WhiteElo "2058"]
[BlackElo "2122"]
[PlyCount "100"]
[EventDate "2009.10.18"]
[EventType "team-tourn"]
[EventRounds "9"]
[EventCountry "GER"]
[SourceTitle "EXT 2011"]
[Source "ChessBase"]
[SourceDate "2010.11.26"]
[SourceVersion "1"]
[SourceVersionDate "2010.11.26"]
[SourceQuality "1"]
[WhiteTeam "Koenigsspringer"]
[BlackTeam "Goettingen"]
[WhiteTeamCountry "GER"]
[BlackTeamCountry "GER"]

1. e4 c5 2. Nf3 e6 3. b3 b6 4. Bb2 Bb7 5. Nc3 Nc6 6. Bb5 Nd4 7. Bd3 Nf6 8. 0-0 Be7 9. Nxd4 cxd4 10. Ne2 Nxe4 11. Bxd4 0-0 12. Nc3 Nc5 13. Qg4 f6 14. Bc4 Rf7 15. b4 f5 16. Qe2 Ne4 17. Nxe4 fxe4 18. a3 Qc7 19. Bb3 Raf8 20. Qg4 Bd6 21. h3 Qc6 22. Be3 Bc7 23. g3 Rf6 24. c4 Be5 25. Rac1 Rg6 26. Qh4 Qc7 27. c5 b5 28. a4 Bc6 29. axb5 Bxb5 30. Rfe1 Rf3 31. Kh1 Bd3 32. Qe7 Rf7 33. Qe8+ Rf8 34. Qe7 Rf7 35. Qe8+ Rf8 36. Qe7 Rgf6 37. c6 R6f7 38. Qh4 d5 39. Bd1 Bf6 40. Qg4 Bb2 41. Rc5 Rf5 42. Bb3 Be5 43. Rg1 Bd6 44. Ra5 a6 45. Rga1 Qxc6 46. b5 Bxb5 47. Ba4 Be5 48. Bxb5 axb5 49. Rb1 h5 50. Qg6 R8f6 0-1

[Event "Harburg-chA 7th"]
[Site "Hamburg"]
[Date "2009.07.05"]
[Round "4"]
[White "Holloway, Timo"]
[Black "Porth, Hartmut"]
[Result "0-1"]
[WhiteElo "2132"]
[BlackElo "2153"]
[PlyCount "72"]
[EventDate "2009.07.03"]
[EventType "tourn"]
[EventRounds "5"]
[EventCountry "GER"]
[SourceTitle "EXT 2010"]
[Source "ChessBase"]
[SourceDate "2010.11.25"]
[SourceVersion "1"]
[SourceVersionDate "2010.11.25"]
[SourceQuality "1"]

1. c4 Nc6 2. Nc3 e5 3. g3 g6 4. Bg2 d6 5. e3 Bg7 6. Nge2 f5 7. 0-0 Nf6 8. d4 e4 9. b4 0-0 10. b5 Ne7 11. a4 Be6 12. Qb3 Bf7 13. Ba3 Kh8 14. a5 g5 15. a6 bxa6 16. bxa6 Qd7 17. Rfc1 Bh5 18. c5 Bf3 19. cxd6 cxd6 20. Qb7 Qe6 21. Bxf3 exf3 22. Qxf3 Ne4 23. Nxe4 fxe4 24. Qg2 Rf5 25. Nc3 d5 26. Bxe7 Qxe7 27. g4 Rf3 28. Nxd5 Qf7 29. Nc3 Re8 30. Rcb1 Bxd4 31. exd4 Rxc3 32. Rb7 Qf4 33. h3 Rec8 34. Re1 e3 35. fxe3 Rxe3 36. Rxe3 Rc1+ 0-1

[Event "Harburg-chA 7th"]
[Site "Hamburg"]
[Date "2009.07.03"]
[Round "1"]
[White "Holloway, Timo"]
[Black "Schulenburg, Fabian"]
[Result "0-1"]
[WhiteElo "2132"]
[BlackElo "2198"]
[PlyCount "78"]
[EventDate "2009.07.03"]
[EventType "tourn"]
[EventRounds "5"]
[EventCountry "GER"]
[SourceTitle "EXT 2010"]
[Source "ChessBase"]
[SourceDate "2010.11.25"]
[SourceVersion "1"]
[SourceVersionDate "2010.11.25"]
[SourceQuality "1"]

1. e4 d5 2. exd5 Qxd5 3. Nc3 Qa5 4. Nf3 Nf6 5. d4 c6 6. Bc4 Bf5 7. Bd2 e6 8. Nd5 Qd8 9. Nxf6+ Qxf6 10. Qe2 Bg4 11. d5 Bxf3 12. gxf3 cxd5 13. Bxd5 Nd7 14. 0-0-0 0-0-0 15. Be4 Qe5 16. Bc3 Qc7 17. Rd4 Bc5 18. Ra4 f6 19. Ba5 Nb6 20. Qb5 Kb8 21. Bd3 Rd5 22. Qb3 Bxf2 23. Kb1 Rhd8 24. a3 f5 25. Ka2 Qd6 26. Bxb6 Bxb6 27. Re1 Re5 28. Rd1 Re3 29. Rh4 h6 30. Rf1 Qe5 31. Qb4 Bc5 32. Qc4 Rc8 33. Qb5 Rc6 34. Rc4 Qd5 35. Ka1 a6 36. Qb3 Ka7 37. Qc3 g5 38. b4 Bd6 39. Rxc6 Be5 0-1

[Event "Niedersachsen-ch"]
[Site "Verden"]
[Date "2009.01.06"]
[Round "9"]
[White "Holloway, Timo"]
[Black "Kaiser, Gerhard"]
[Result "1-0"]
[WhiteElo "2161"]
[BlackElo "2024"]
[PlyCount "47"]
[EventDate "2009.01.02"]
[EventType "swiss"]
[EventRounds "9"]
[EventCountry "GER"]
[SourceTitle "CBM 128 Extra"]
[Source "ChessBase"]
[SourceDate "2009.03.05"]
[SourceVersion "2"]
[SourceVersionDate "2009.03.25"]
[SourceQuality "1"]

1. e4 c5 2. Nc3 e6 3. Nf3 Nf6 4. d4 cxd4 5. Nxd4 Nc6 6. Ndb5 Bb4 7. a3 Bxc3+ 8. Nxc3 d5 9. exd5 exd5 10. Bd3 0-0 11. 0-0 Bg4 12. f3 Be6 13. Re1 Qb6+ 14. Kh1 h6 15. b4 d4 16. Na4 Qc7 17. Bb2 a6 18. Qe2 Rfe8 19. Qf2 Rad8 20. Rad1 Rd6 21. Nc5 Nd5 22. Qg3 Red8 23. Re2 Ne3 24. Rxe3 1-0

[Event "Niedersachsen-ch"]
[Site "Verden"]
[Date "2009.01.05"]
[Round "8"]
[White "Holloway, Timo"]
[Black "Heinemann, Ernst"]
[Result "0-1"]
[WhiteElo "2161"]
[BlackElo "2231"]
[PlyCount "130"]
[EventDate "2009.01.02"]
[EventType "swiss"]
[EventRounds "9"]
[EventCountry "GER"]
[SourceTitle "CBM 128 Extra"]
[Source "ChessBase"]
[SourceDate "2009.03.05"]
[SourceVersion "2"]
[SourceVersionDate "2009.03.25"]
[SourceQuality "1"]

1. e4 c6 2. d4 d5 3. exd5 cxd5 4. c4 Nf6 5. Nc3 Nc6 6. Nf3 Bg4 7. cxd5 Nxd5 8. Qb3 Bxf3 9. gxf3 Nb6 10. d5 Nd4 11. Bb5+ Nd7 12. Qa4 Nxb5 13. Qxb5 g6 14. d6 Bg7 15. Bg5 f6 16. Nd5 exd6 17. Bf4 0-0 18. 0-0 Ne5 19. Qxb7 Nxf3+ 20. Kh1 Ne5 21. Nc7 Rb8 22. Qd5+ Rf7 23. Ne6 Qd7 24. Rfd1 Re8 25. Bxe5 Qxe6 26. Qxe6 Rxe6 27. Bxd6 Re2 28. Ba3 Bf8 29. Kg2 Bxa3 30. bxa3 Rc7 31. Rac1 Rce7 32. Rd6 f5 33. Rc3 Rxa2 34. Ra6 Kg7 35. Kg3 Rd2 36. h4 Kh6 37. Rc8 Rd3+ 38. Kg2 Kh5 39. Rc4 Rdd7 40. Rca4 Rc7 41. Kg3 Red7 42. R6a5 h6 43. Kg2 Rb7 44. Kg3 Rdc7 45. Kg2 Rf7 46. Rf4 Rbc7 47. Kg3 Rc3+ 48. Kg2 g5 49. hxg5 hxg5 50. Rfxf5 Rxf5 51. Rxf5 Rxa3 52. f4 Kg4 53. Rxg5+ Kxf4 54. Rg7 Ra2+ 55. Kf1 Ke3 56. Rd7 Ra1+ 57. Kg2 a5 58. Rd5 a4 59. Kh2 a3 60. Rg5 Kf4 61. Ra5 Ke4 62. Ra8 Kd4 63. Rg8 Ra2+ 64. Kg1 Rb2 65. Rg4+ Ke5 0-1

[Event "GER-chT Lands U20"]
[Site "Dresden"]
[Date "2008.11.14"]
[Round "1.2"]
[White "Holloway, Timo"]
[Black "Glantz, Robert"]
[Result "1/2-1/2"]
[WhiteElo "2184"]
[BlackElo "2183"]
[PlyCount "104"]
[EventDate "2008.11.14"]
[EventType "team-swiss"]
[EventRounds "7"]
[EventCountry "GER"]
[SourceTitle "EXT 2010"]
[Source "ChessBase"]
[SourceDate "2010.11.25"]
[SourceVersion "1"]
[SourceVersionDate "2010.11.25"]
[SourceQuality "1"]
[WhiteTeam "Niedersachsen"]
[BlackTeam "Berlin"]
[WhiteTeamCountry "GER"]
[BlackTeamCountry "GER"]

1. e4 c5 2. Nf3 d6 3. d4 cxd4 4. Nxd4 Nf6 5. Nc3 a6 6. Be3 e5 7. Nf3 Be7 8. Bc4 0-0 9. 0-0 Be6 10. Qe2 Nc6 11. Rfd1 Rc8 12. Bb3 h6 13. Na4 Nd7 14. Bxe6 fxe6 15. c4 Qa5 16. Nc3 Nf6 17. a3 Qc7 18. Na4 Nd7 19. b4 b6 20. Rac1 Rb8 21. Nc3 Qb7 22. Qa2 Rf6 23. h3 Rbf8 24. Nh2 Qb8 25. Ne2 Rg6 26. Qc2 Nf6 27. Ng3 Nh7 28. Qd2 Ng5 29. h4 Nh7 30. h5 Rgf6 31. Ng4 R6f7 32. b5 axb5 33. cxb5 Na5 34. Rc3 Kh8 35. f3 Nf6 36. Nxf6 Rxf6 37. Qf2 Rc8 38. Rdc1 Rc5 39. Bxc5 dxc5 40. Nf1 c4 41. Ne3 Bc5 42. Kf1 Bd4 43. Qe2 Qe8 44. Nxc4 Bxc3 45. Rxc3 Qxb5 46. Nxa5 Qxa5 47. Rb3 Rf8 48. Qc4 Qd2 49. Qe2 Qc1+ 50. Kf2 Rc8 51. Rb2 Qh1 52. Rc2 Qh4+ 1/2-1/2

[Event "GER-chT Lands U20"]
[Site "Verden an der Aller"]
[Date "2007.10.02"]
[Round "6.1"]
[White "Holloway, Timo"]
[Black "Geske, Julian"]
[Result "1/2-1/2"]
[WhiteElo "2092"]
[BlackElo "2212"]
[PlyCount "90"]
[EventDate "2007.09.29"]
[EventType "team-swiss"]
[EventRounds "7"]
[EventCountry "GER"]
[SourceTitle "CBM 120 Extra"]
[Source "ChessBase"]
[SourceDate "2007.11.01"]
[SourceVersion "1"]
[SourceVersionDate "2007.11.01"]
[SourceQuality "1"]
[WhiteTeam "Niedersachsen II"]
[BlackTeam "Hessen"]
[WhiteTeamCountry "GER"]
[BlackTeamCountry "GER"]

1. e4 e5 2. Nf3 Nc6 3. Bb5 a6 4. Ba4 Nf6 5. 0-0 Nxe4 6. d4 b5 7. Bb3 d5 8. dxe5 Be6 9. Be3 Be7 10. Nbd2 Nc5 11. c3 0-0 12. Bc2 Qc8 13. Bxc5 Bxc5 14. Nb3 Be7 15. Nbd4 Nxd4 16. Nxd4 c5 17. Nxe6 Qxe6 18. f4 f5 19. exf6 Rxf6 20. Qd3 g6 21. Rae1 c4 22. Rxe6 cxd3 23. Rxf6 Bxf6 24. Bxd3 Re8 25. Kf2 Kg7 26. Rd1 d4 27. c4 bxc4 28. Bxc4 a5 29. Rd3 Rc8 30. Bb3 Rc1 31. Rd1 Rxd1 32. Bxd1 d3 33. b3 d2 34. Ke2 Bc3 35. Kd3 Bb4 36. Kc4 Kf6 37. Bc2 g5 38. f5 h5 39. Kd4 h4 40. Ke4 Bd6 41. Kd3 Kxf5 42. Kxd2+ Ke6 43. h3 Kd5 44. Kd3 Kc5 45. Bd1 Kb4 1/2-1/2

[Event "GER-chT Lands U20"]
[Site "Verden an der Aller"]
[Date "2007.10.01"]
[Round "5.1"]
[White "Hirneise, Tobias"]
[Black "Holloway, Timo"]
[Result "1-0"]
[WhiteElo "2293"]
[BlackElo "2092"]
[PlyCount "49"]
[EventDate "2007.09.29"]
[EventType "team-swiss"]
[EventRounds "7"]
[EventCountry "GER"]
[SourceTitle "CBM 120 Extra"]
[Source "ChessBase"]
[SourceDate "2007.11.01"]
[SourceVersion "1"]
[SourceVersionDate "2007.11.01"]
[SourceQuality "1"]
[WhiteTeam "Wuerttemberg"]
[BlackTeam "Niedersachsen II"]
[WhiteTeamCountry "GER"]
[BlackTeamCountry "GER"]

1. e4 c5 2. Nf3 e6 3. d4 cxd4 4. Nxd4 Nc6 5. Nc3 Qc7 6. Be2 a6 7. Be3 Nf6 8. a3 b5 9. Nxc6 dxc6 10. f4 Be7 11. e5 Nd5 12. Nxd5 cxd5 13. Bd4 Bd7 14. b4 a5 15. c3 axb4 16. axb4 0-0 17. 0-0 f5 18. exf6 gxf6 19. Rxa8 Rxa8 20. Bd3 f5 21. Qh5 Bf8 22. Qg5+ Kf7 23. Be2 e5 24. Bh5+ Ke6 25. fxe5 1-0

[Event "GER-chT Lands U20"]
[Site "Verden an der Aller"]
[Date "2007.10.01"]
[Round "4.1"]
[White "Holloway, Timo"]
[Black "Kaczmarczyk, Dennis"]
[Result "1-0"]
[WhiteElo "2092"]
[BlackElo "2135"]
[PlyCount "75"]
[EventDate "2007.09.29"]
[EventType "team-swiss"]
[EventRounds "7"]
[EventCountry "GER"]
[SourceTitle "CBM 120 Extra"]
[Source "ChessBase"]
[SourceDate "2007.11.01"]
[SourceVersion "1"]
[SourceVersionDate "2007.11.01"]
[SourceQuality "1"]
[WhiteTeam "Niedersachsen II"]
[BlackTeam "Baden"]
[WhiteTeamCountry "GER"]
[BlackTeamCountry "GER"]

1. e4 c5 2. Nf3 a6 3. c3 d5 4. exd5 Qxd5 5. d4 e6 6. Bd3 Nf6 7. 0-0 Nc6 8. Re1 Be7 9. c4 Qd8 10. dxc5 Bxc5 11. Nc3 0-0 12. a3 Qc7 13. b4 Be7 14. Bb2 b6 15. Ne4 Bb7 16. Nxf6+ Bxf6 17. Bxf6 gxf6 18. Re3 Rfd8 19. Qc2 f5 20. Qc3 Ne7 21. Ne5 Nd5 22. Rg3+ Kf8 23. Qb2 Nf4 24. Bf1 f6 25. Nd3 Nh5 26. Rh3 Qf7 27. Qe2 Rxd3 28. Qxd3 Ke8 29. Qe3 e5 30. Rxh5 Qxh5 31. Qxb6 Qf7 32. Rd1 Kf8 33. c5 Be4 34. c6 Qe6 35. Qc5+ Kg7 36. c7 Bb7 37. Rd8 Rc8 38. Bc4 1-0

[Event "GER-chT Lands U20"]
[Site "Verden an der Aller"]
[Date "2007.09.29"]
[Round "2.1"]
[White "Siebarth, Raiko"]
[Black "Holloway, Timo"]
[Result "1-0"]
[WhiteElo "2182"]
[BlackElo "2092"]
[PlyCount "75"]
[EventDate "2007.09.29"]
[EventType "team-swiss"]
[EventRounds "7"]
[EventCountry "GER"]
[SourceTitle "CBM 120 Extra"]
[Source "ChessBase"]
[SourceDate "2007.11.01"]
[SourceVersion "1"]
[SourceVersionDate "2007.11.01"]
[SourceQuality "1"]
[WhiteTeam "Thueringen"]
[BlackTeam "Niedersachsen II"]
[WhiteTeamCountry "GER"]
[BlackTeamCountry "GER"]

1. Nc3 c5 2. e4 e6 3. f4 Nc6 4. Nf3 Nd4 5. Bd3 Ne7 6. 0-0 Nec6 7. a3 Be7 8. b3 a6 9. Bb2 0-0 10. Nxd4 Nxd4 11. Ne2 Nxe2+ 12. Qxe2 f6 13. Rf3 b5 14. a4 c4 15. axb5 cxd3 16. Qxd3 Bc5+ 17. Kh1 Qb6 18. h4 Bb7 19. bxa6 Bxa6 20. c4 Bb7 21. Rxa8 Rxa8 22. Qxd7 Rd8 23. Qa4 Bxe4 24. Rg3 Bf2 25. Rh3 Qb7 26. Kh2 Bc6 27. Qa5 Ra8 28. Qh5 Bxg2 29. Rd3 Bf1 30. Qf3 Qa7 31. Rd6 Rb8 32. d4 Bxh4 33. Qxf1 Rxb3 34. Qe2 Bg3+ 35. Kg1 e5 36. Rd8+ Kf7 37. Qh5+ Ke6 38. f5+ 1-0

[Event "Pardubice Czech op"]
[Site "Pardubice"]
[Date "2007.07.22"]
[Round "3"]
[White "Smirnov, Artem"]
[Black "Holloway, Timo"]
[Result "1-0"]
[WhiteElo "2410"]
[BlackElo "2092"]
[PlyCount "67"]
[EventDate "2007.07.20"]
[EventType "swiss"]
[EventRounds "9"]
[EventCountry "CZE"]
[SourceTitle "CBM 119 Extra"]
[Source "ChessBase"]
[SourceDate "2007.09.04"]
[SourceVersion "1"]
[SourceVersionDate "2007.09.04"]
[SourceQuality "1"]

1. d4 Nf6 2. c4 e6 3. Nc3 Bb4 4. e3 b6 5. Nge2 Ba6 6. Ng3 h5 7. h4 Bb7 8. Bd2 Bd6 9. f4 Be7 10. e4 Ng4 11. Qf3 Nc6 12. Nce2 Bxh4 13. 0-0-0 Bxg3 14. Nxg3 Nxd4 15. Qxg4 g6 16. Qh3 Qf6 17. e5 Qe7 18. Bc3 Nf5 19. Nxf5 gxf5 20. Be1 Qc5 21. Qh4 Rh6 22. Bf2 Qa5 23. Rh3 Rg6 24. Ra3 Qb4 25. Rg3 Rxg3 26. Bxg3 Be4 27. Qg5 d6 28. exd6 cxd6 29. Bh4 Kd7 30. Qe7+ Kc6 31. a3 Qc5 32. Bf2 Qxf2 33. Rxd6+ Kc5 34. b4# 1-0

[Event "GER-ch internet U18 qual 04"]
[Site "Playchess.com INT"]
[Date "2007.06.13"]
[Round "1"]
[White "Berchtenbreiter, Maximilian"]
[Black "Holloway, Timo"]
[Result "0-1"]
[WhiteElo "2018"]
[BlackElo "2041"]
[PlyCount "118"]
[EventDate "2007.06.13"]
[EventType "swiss (blitz)"]
[EventRounds "7"]
[EventCountry "GER"]
[SourceTitle "EXT 2009"]
[Source "ChessBase"]
[SourceDate "2008.11.26"]
[SourceVersion "1"]
[SourceVersionDate "2008.11.26"]
[SourceQuality "1"]

1. e4 c5 2. Nf3 e6 3. d4 cxd4 4. Nxd4 Nc6 5. Nc3 Qc7 6. Be3 a6 7. Be2 Nf6 8. 0-0 Bb4 9. f3 0-0 10. a3 Bxc3 11. bxc3 d5 12. Bd3 dxe4 13. fxe4 Ne5 14. Qd2 b5 15. Bg5 Nfd7 16. a4 bxa4 17. Rxa4 Bb7 18. Kh1 Nb6 19. Rb4 Nbc4 20. Qe2 Nd6 21. Bf4 Qxc3 22. Bxe5 Qxb4 23. Qg4 Ne8 24. Nxe6 fxe6 25. Qxe6+ Kh8 26. Rd1 Nf6 27. Bd6 Qb6 28. e5 Rfe8 29. Qh3 Qf2 30. Rg1 Bc8 31. Qf3 Qxf3 32. gxf3 Nd5 33. Be4 Be6 34. c4 Ne3 35. Bxa8 Rxa8 36. c5 a5 37. Re1 Nd5 38. c6 a4 39. c7 a3 40. Bxa3 Rxa3 41. Kg2 Nxc7 42. Rc1 Ra7 43. f4 Kg8 44. Kg3 Kf7 45. h4 g6 46. h5 Ra3+ 47. Kh4 Nd5 48. hxg6+ hxg6 49. Rc4 Rf3 50. Kg5 Rxf4 51. Rxf4+ Nxf4 52. Kxf4 Bf5 53. Kg5 Ke6 54. Kh6 Kxe5 55. Kg5 Ke4 56. Kh6 Kf4 57. Kg7 g5 58. Kf6 g4 59. Kf7 g3 0-1

[Event "GER-ch internet U18 qual 02"]
[Site "Playchess.com INT"]
[Date "2007.05.23"]
[Round "1"]
[White "Holloway, Timo"]
[Black "Berchtenbreiter, Maximilian"]
[Result "0-1"]
[WhiteElo "2041"]
[BlackElo "2018"]
[PlyCount "32"]
[EventDate "2007.05.23"]
[EventType "swiss (blitz)"]
[EventRounds "7"]
[EventCountry "GER"]
[SourceTitle "EXT 2009"]
[Source "ChessBase"]
[SourceDate "2008.11.26"]
[SourceVersion "1"]
[SourceVersionDate "2008.11.26"]
[SourceQuality "1"]

1. d4 Nf6 2. Nf3 e6 3. Bf4 c5 4. e3 cxd4 5. exd4 d6 6. Bd3 Nbd7 7. c3 b6 8. Nbd2 Bb7 9. h3 Be7 10. 0-0 0-0 11. Re1 Re8 12. Nc4 Nf8 13. Qe2 Ng6 14. Bg3 Nh5 15. Bxg6 hxg6 16. Bh2 Ba6 0-1